| 000 -LEADER |
| fixed length control field |
00459nam a2200181Ia 4500 |
| 001 - CONTROL NUMBER |
| control field |
19403 |
| 003 - CONTROL NUMBER IDENTIFIER |
| control field |
GE_BSU |
| 008 - FIXED-LENGTH DATA ELEMENTS--GENERAL INFORMATION |
| fixed length control field |
181216s||||||||xx |||||||||||||| ||und|| |
| 040 ## - CATALOGING SOURCE |
| Transcribing agency |
GE_BSU |
| 245 ## - TITLE STATEMENT |
| Title |
Paris Match, du 24 AU 30 novembre. 2016. №3523 |
| 260 ## - PUBLICATION, DISTRIBUTION, ETC. |
| Place of publication, distribution, etc. |
New York |
| 260 ## - PUBLICATION, DISTRIBUTION, ETC. |
| Date of publication, distribution, etc. |
2016 |
| 300 ## - PHYSICAL DESCRIPTION |
| Extent |
128p.29cm.ill. |
| 653 ## - INDEX TERM--UNCONTROLLED |
| Uncontrolled term |
du 24 AU 30 novembre. 2016. №3523 |
| 653 ## - INDEX TERM--UNCONTROLLED |
| Uncontrolled term |
Paris Match. |
| 653 ## - INDEX TERM--UNCONTROLLED |
| Uncontrolled term |
პერიოდიკა |
| 942 ## - ADDED ENTRY ELEMENTS (KOHA) |
| Koha item type |
პერიოდიკა |